| 000 | 00481nam a2200205Ia 4500 | ||
|---|---|---|---|
| 003 | OSt | ||
| 005 | 20230306143636.0 | ||
| 008 | 210210b1952 xxu||||| |||| 00| 0 eng d | ||
| 040 | _cAL | ||
| 041 | _aeng | ||
| 082 | _a335/100 | ||
| 100 |
_aDEWETT _974230 |
||
| 245 | _aIndian economics | ||
| 260 |
_aDelhi _bPremier Publishing Co. _c1952 |
||
| 650 |
_a1952-1968 _974233 |
||
| 690 |
_aIndian Economics _974231 |
||
| 700 |
_aSINGH _974232 |
||
| 906 | _a004443 | ||
| 942 |
_2ddc _cBK |
||
| 999 |
_c125362 _d125362 |
||